Cultivating Dynamic Educators : Case Studies in Teacher Behavior Change in Africa and Asia.

Bibliographic Details
Main Author: Pouezevara, Sarah.
Format: eBook
Language:English
Published: Research Triangle Park, NC : RTI International / RTI Press, 2018.
Edition:1st ed.
Series:RTI Press Publication
Subjects:
Online Access:Click to View
LEADER 01617nam a22003853i 4500
001 EBC6824325
003 MiAaPQ
005 20231204023220.0
006 m o d |
007 cr cnu||||||||
008 231204s2018 xx o ||||0 eng d
020 |a 9781934831229  |q (electronic bk.) 
035 |a (MiAaPQ)EBC6824325 
035 |a (Au-PeEL)EBL6824325 
035 |a (OCoLC)1105781679 
040 |a MiAaPQ  |b eng  |e rda  |e pn  |c MiAaPQ  |d MiAaPQ 
050 4 |a LA1501.C85 2018 
100 1 |a Pouezevara, Sarah. 
245 1 0 |a Cultivating Dynamic Educators :  |b Case Studies in Teacher Behavior Change in Africa and Asia. 
250 |a 1st ed. 
264 1 |a Research Triangle Park, NC :  |b RTI International / RTI Press,  |c 2018. 
264 4 |c Ã2018. 
300 |a 1 online resource (340 pages) 
336 |a text  |b txt  |2 rdacontent 
337 |a computer  |b c  |2 rdamedia 
338 |a online resource  |b cr  |2 rdacarrier 
490 1 |a RTI Press Publication 
505 0 |a Intro -- Blank Page -- Blank Page. 
588 |a Description based on publisher supplied metadata and other sources. 
590 |a Electronic reproduction. Ann Arbor, Michigan : ProQuest Ebook Central, 2023. Available via World Wide Web. Access may be limited to ProQuest Ebook Central affiliated libraries.  
655 4 |a Electronic books. 
776 0 8 |i Print version:  |a Pouezevara, Sarah  |t Cultivating Dynamic Educators  |d Research Triangle Park, NC : RTI International / RTI Press,c2018 
797 2 |a ProQuest (Firm) 
830 0 |a RTI Press Publication 
856 4 0 |u https://ebookcentral.proquest.com/lib/matrademy/detail.action?docID=6824325  |z Click to View